000 00543nam a2200169 i 4500
001 42944
003 ES-MaACL
005 20230906160715.0
007 t|
008 030314s1966 sp ||||1| spa d
100 1 _aCemach, A. J.
_937386
245 1 0 _aDiagnóstico de enfermedades internas en forma de tablas /
_cpor A. J. Cemach ; [traducción Juan José R. Salcedo].
260 _aMadrid :
_bMontecorro,
_c1966.
300 _a30 p., 30 lám., 58 tablas.
700 1 _aSalcedo, Juan José R.
_9101844
852 _aES-MaACL
_jC-29324
_bR.59714
999 _c42944
_d42944